[Event "23rd OIBM 2019"]
[Site "Gmund am Tegernsee"]
[Date "2019.10.30"]
[Round "5.8"]
[White "Peralta, Fernando"]
[Black "Del Rio De Angelis, Salvador G."]
[Result "1/2-1/2"]
[WhiteElo "2569"]
[BlackElo "2491"]
[Annotator "TA"]
[PlyCount "100"]
[EventDate "2019.10.17"]
[EventType "swiss"]
[EventCountry "GER"]
[SourceTitle "playchess.com"]
[Source "ChessBase"]
[SourceQuality "1"]

{[%evp 19,100,49,52,29,26,27,28,8,7,0,20,0,0,0,6,-17,13,0,0,0,0,0,0,0,46,45,57,57,108,102,85,26,64,64,64,64,64,64,64,64,68,68,82,64,60,60,60,60,60,0,64,61,217,222,193,128,123,0,216,187,196,198,364,128,348,280,205,127,131,133,129,137,93,93,91,0,122,0,103,199,210,57,196]} 1. d4 Nf6 2. c4 d6 3. Nf3 Nbd7 4. Nc3 c6 5. e4 e5 6. Be2 Be7 7. O-O a6 8. Qc2 O-O 9. Rd1 Qc7 10. Bg5 h6 11. Bh4 {A55: Old Indian Defence with Nf3 and e4} g5 (11... Re8 12. Rac1 g5 13. Bg3 Nh5 14. d5 c5 15. h3 Nf4 16. Nh2 Nxe2+ 17. Qxe2 Nf6 18. Ng4 Bxg4 19. hxg4 {½-½ (45) Rodshtein,M (2623)-Andreikin,D (2659) Puerto Madryn 2009}) 12. Bg3 Nh5 $1 13. Qd2 $146 {White has an edge.} ({Predecessor:} 13. a3 Nxg3 14. hxg3 Nf6 15. Rd2 Re8 16. Rad1 Bf8 17. dxe5 dxe5 18. Na4 Be6 {½-½ (39) Drenchev,P (2527)-Vajda,L (2556) Sunny Beach 2014}) 13... Nxg3 14. hxg3 Nf6 (14... g4 $5 {[%cal Rg4f3]} 15. Ne1 exd4 16. Qxd4 Ne5 $11) 15. d5 cxd5 16. Nxd5 Nxd5 17. cxd5 Bd8 18. Rac1 $36 {[%mdl 2048] White has good play.} Qe7 19. Qe3 f5 20. exf5 Bxf5 21. Nd2 Bc7 22. Bd3 Bxd3 23. Qxd3 {Threatens to win with Qg6+.} Bb6 (23... Qf7 $14) 24. Qg6+ $16 Qg7 25. Qxg7+ (25. Qe6+ {seems wilder.} Kh7 26. Ne4 Rad8 27. Rd3 g4 28. Rb3) 25... Kxg7 26. Ne4 g4 27. Kf1 Rad8 28. Ke2 Rd7 29. f3 gxf3+ 30. gxf3 Kg6 31. b3 h5 32. Rh1 Rdf7 33. Rhf1 Rd7 34. Rh1 Rdf7 35. Rcf1 Bd4 $2 (35... Bd8 $14) 36. Rh4 $1 $18 ({Weaker is} 36. Nxd6 Rd7 $11) 36... Rc7 37. Kd3 (37. g4 $18) 37... Rcf7 $16 38. Ke2 (38. f4 $16 {Hoping for g4.} Bc5 39. Ng5) 38... Rc7 $18 39. g4 Rc2+ 40. Kd3 Rxa2 $2 (40... Rg2) 41. Rxh5 $2 (41. f4 $1 $18 {and the rest is easy.}) 41... Rb2 $2 (41... Ra1 $16 {is a better defense.} 42. Rf5 Rxf1 43. Rxf8 Kg7) 42. Rg5+ Kf7 43. Nxd6+ Ke7 44. Nf5+ Rxf5 45. gxf5 Rxb3+ $16 {KRR-KRB} 46. Kc2 Rb2+ 47. Kd3 {Rg6 is the strong threat.} Rb3+ 48. Kc2 Rb2+ $1 {[#]} 49. Kc1 $1 Kf6 {[#]} 50. d6 $2 (50. Rh5 $1 $18) 50... Rb5 {Accuracy: White = 55%, Black = 52%.} (50... Kxg5 $2 {too greedy.} 51. d7 $18) (50... Ra2 $1 $14 51. d7 Be3+ 52. Kb1 Rd2 53. Rg6+ Kxf5) 1/2-1/2

[Event "23rd OIBM 2019"]
[Site "Gmund am Tegernsee"]
[Date "2019.10.30"]
[Round "5.9"]
[White "Shevchenko, Kirill"]
[Black "Vetoshko, Volodymyr"]
[Result "1/2-1/2"]
[WhiteElo "2542"]
[BlackElo "2506"]
[Annotator "ChessBase"]
[PlyCount "47"]
[EventDate "2019.10.17"]
[EventType "swiss"]
[EventCountry "GER"]
[SourceTitle "playchess.com"]
[Source "ChessBase"]
[SourceQuality "1"]
[TimeControl "40/5400+30:1800+30"]

1. e4 {[%emt 0:00:00]} e5 {[%emt 0:00:00]} 2. Nf3 {[%emt 0:00:00]} Nc6 {[%emt 0:00:00]} 3. Bb5 {[%emt 0:00:00]} Nf6 {[%emt 0:00:21]} 4. O-O {[%emt 0:00:00]} Nxe4 {[%emt 0:00:16]} 5. Re1 {[%emt 0:00:00]} Nd6 {[%emt 0:00:45]} 6. Nxe5 {[%emt 0:00:04]} Be7 {[%emt 0:00:24]} 7. Bf1 {[%emt 0:00:10]} Nxe5 {[%emt 0:00:20]} 8. Rxe5 {[%emt 0:00:04]} O-O {[%emt 0:00:10]} 9. d4 {[%emt 0:00:55]} Bf6 {[%emt 0:00:12]} 10. Re1 {[%emt 0:00:24]} Re8 {[%emt 0:00:19]} 11. Nc3 {[%emt 0:03:07]} Rxe1 {[%emt 0:18:03]} 12. Qxe1 {[%emt 0:00:05]} Bxd4 {[%emt 0:04:19]} 13. Bf4 {[%emt 0:00:31]} Bxc3 {[%emt 0:02:55]} 14. Qxc3 {[%emt 0:01:20]} b6 {[%emt 0:01:02]} 15. Bxd6 {[%emt 0:21:34]} cxd6 {[%emt 0:00:06]} 16. Qf3 {[%emt 0:07:46]} Rb8 {[%emt 0:03:54]} 17. Re1 {[%emt 0:08:10]} Bb7 {[%emt 0:03:32]} 18. Qa3 {[%emt 0:01:31]} Bd5 {[%emt 0:05:04]} 19. Qxd6 {[%emt 0:04:16]} Be6 {[%emt 0:00:16]} 20. Bd3 {[%emt 0:07:51]} Rc8 {[%emt 0:07:11]} 21. f4 {[%emt 0:03:43]} Qf8 {[%emt 0:02:09]} 22. Qxf8+ {[%emt 0:07:41]} Kxf8 {[%emt 0:00:36]} 23. b3 {[%emt 0:02:42]} Rc5 {[%emt 0:07:49]} 24. Kf2 {[%emt 0:03:19]} 1/2-1/2

[Event "23rd OIBM 2019"]
[Site "Gmund am Tegernsee"]
[Date "2019.10.30"]
[Round "5.10"]
[White "Chanda, Sandipan"]
[Black "Parvanyan, Ashot"]
[Result "1-0"]
[WhiteElo "2529"]
[BlackElo "2448"]
[Annotator "TA"]
[PlyCount "71"]
[EventDate "2019.10.17"]
[EventType "swiss"]
[EventCountry "GER"]
[SourceTitle "playchess.com"]
[Source "ChessBase"]
[SourceQuality "1"]

{[%evp 19,71,41,46,46,25,35,32,19,7,11,7,0,0,0,12,0,8,0,0,-52,-30,-42,0,0,0,0,0,-24,63,-135,-45,-68,-53,-233,-212,-139,0,-60,-76,-61,0,0,68,68,68,68,68,69,76,80,29990,29991,29991,29992]} 1. d4 Nf6 2. c4 g6 3. Nc3 Bg7 4. e4 d6 5. Be2 O-O 6. Bg5 c5 7. d5 h6 8. Be3 e6 9. Qd2 exd5 10. exd5 Kh7 11. h4 {E74: King's Indian: Averbakh Variation: 6...c5} (11. h3 Re8 12. Bd3 b5 13. Nxb5 Ne4 14. Bxe4 Rxe4 15. Rc1 a6 16. Nc3 Rxc4 17. a3 Nd7 18. Nf3 a5 19. O-O Qb6 20. Qc2 Rb8 {½-½ (38) Ponomariov,R (2723)-Grischuk,A (2752) Beijing 2011}) 11... Re8 12. h5 g5 $1 13. Nf3 {White is slightly better.} Ng4 14. Nxg5+ hxg5 15. Bxg5 Bxc3 $146 ({Predecessor:} 15... Bf6 16. Bxf6 Qxf6 17. O-O-O Qh6 18. Bxg4 Bxg4 {1-0 (50) Sandipan,C (2571)-Kushagra,M (2308) Mumbai 2018}) 16. bxc3 f6 17. Bf4 Qe7 18. Kf1 f5 19. f3 (19. Bxg4 fxg4 20. Qd3+ Qe4 $15) (19. Bd3 $1 $11) 19... Ne5 $1 $15 20. Bg5 Qg7 21. Re1 Nbd7 22. f4 $1 {Threatens to win with h6.} Nf7 23. h6 $1 {[%cal Rh6g7]} Qg8 (23... Qf8 $11) 24. Rh5 $2 (24. Bh4 $1 $14) 24... Qg6 (24... Nb6 $1 $17 25. Bd3 Bd7) 25. Bd1 Re4 $1 26. g4 $2 (26. Be7 $15) 26... Rxe1+ $1 $19 ({Not} 26... Nxg5 27. Rxg5 Qe8 28. Bc2 $16) 27. Qxe1 {Hoping for Qe7.} Nb6 (27... fxg4 $1 $17 {...Nf6 is the strong threat.} 28. Rh2 Nb6) 28. Bc2 (28. Qe7 $11 fxg4 29. Rh4 Nxc4 30. Rh2) 28... Bd7 $1 $15 29. Qe2 Re8 (29... Rg8 $1 $15) 30. Be7 $1 $11 {[%cal Rh5f5] Strongly threatening Rxf5.} ({Much worse is} 30. gxf5 Bxf5 31. Qxe8 Bxc2 $17) 30... Nxc4 ({Black should try} 30... Kh8 $11) 31. Rxf5 $1 $14 Nxh6 32. Rh5 $1 Ne3+ $1 33. Qxe3 Qxc2 34. f5 Qd1+ $2 {[%mdl 8192] [#]} ({Inferior is} 34... Qb1+ {[#]} 35. Kg2 $1 {[%mdl 512]} Qc2+ 36. Kg3 $1 {[%mdl 512]} Qd3 37. Qxd3 Kg8 38. Rxh6 Rxe7 39. f6) (34... Bb5+ $16 35. Kg1 Qd1+ 36. Kf2 Qe2+ $1 {[%mdl 512]} 37. Qxe2 Bxe2) 35. Kf2 $1 {[%mdl 512]} Qc2+ {[#]} 36. Kg3 $1 {[%mdl 512] Accuracy: White = 47%, Black = 49%.} 1-0

[Event "23rd OIBM 2019"]
[Site "Gmund am Tegernsee"]
[Date "2019.10.30"]
[Round "5.11"]
[White "Sethuraman, S.P."]
[Black "Zajogin, Alexander"]
[Result "1-0"]
[WhiteElo "2624"]
[BlackElo "2426"]
[Annotator "RC"]
[PlyCount "109"]
[EventDate "2019.10.17"]
[EventType "swiss"]
[EventCountry "GER"]
[SourceTitle "playchess.com"]
[Source "ChessBase"]
[SourceQuality "1"]
[TimeControl "40/5400+30:1800+30"]

1. e4 {[%emt 0:00:00]} e5 {[%emt 0:00:00]} 2. Nf3 {[%emt 0:00:00]} Nc6 {[%emt 0:00:00]} 3. Bc4 {[%emt 0:00:00]} Bc5 {[%emt 0:00:00]} 4. d3 {[%emt 0:00:00]} Nf6 {[%emt 0:00:02]} 5. O-O {[%emt 0:00:02]} d6 {[%emt 0:00:31]} 6. c3 {[%emt 0:00:05]} O-O {[%emt 0:02:59]} 7. Bg5 {[%emt 0:00:06]} h6 {[%emt 0:17:08]} 8. Bh4 {[%emt 0:00:06]} a6 {[%emt 0:00:58]} 9. a4 {[%emt 0:00:06]} g5 {[%emt 0:02:49]} 10. Bg3 {[%emt 0:00:07]} Ba7 {[%emt 0:00:36]} 11. Nbd2 {[%emt 0:00:07]} Bg4 {[%emt 0:02:30]} 12. h3 {[%emt 0:00:15]} Bh5 {[%emt 0:00:34]} 13. b4 {[%emt 0:00:26]} Bg6 {[%emt 0:09:37]} 14. Re1 {[%emt 0:25:05]} Nh5 {[%emt 0:14:31]} 15. Bh2 {[%emt 0:04:04]} Nf4 {[%emt 0:08:58]} 16. Nf1 {[%emt 0:00:19]} Kg7 {[%emt 0:01:21]} 17. Bxf4 {[%emt 0:20:26]} gxf4 {[%emt 0:00:23]} 18. Bd5 {[%emt 0:00:04]} Rb8 {[%emt 0:12:41]} 19. d4 {[%emt 0:00:11]} Qf6 {[%emt 0:07:19]} 20. N1h2 {[%emt 0:08:05]} h5 {[%emt 0:01:09]} 21. Bxc6 {[%emt 0:02:59]} bxc6 {[%emt 0:00:06]} 22. Qd3 {[%emt 0:00:03]} exd4 {[%emt 0:04:04]} 23. Qxa6 {[%emt 0:00:10]} Ra8 {[%emt 0:00:18]} 24. Qxc6 {[%emt 0:00:22]} dxc3 {[%emt 0:00:17]} 25. Rac1 {[%emt 0:00:53]} Bd4 {[%emt 0:03:47]} 26. Red1 {[%emt 0:04:53]} Be5 {[%emt 0:00:52]} 27. a5 {[%emt 0:00:38]} Rfb8 {[%emt 0:00:48]} 28. Nxe5 {[%emt 0:01:47]} dxe5 {[%emt 0:04:48]} 29. Qxc3 {[%emt 0:00:07]} Bxe4 {[%emt 0:00:25]} 30. Re1 {[%emt 0:08:07]} Bg6 {[%emt 0:00:08]} 31. Nf3 {[%emt 0:00:25]} e4 {[%emt 0:01:15]} 32. Ne5 {[%emt 0:00:05]} Bf5 {[%emt 0:01:51]} 33. Nc6 {[%emt 0:01:15]} Re8 {[%emt 0:00:23]} 34. b5 {[%emt 0:04:07]} Qxc3 {[%emt 0:01:46]} 35. Rxc3 {[%emt 0:00:06]} e3 {[%emt 0:00:58]} 36. fxe3 {[%emt 0:01:02]} Rxe3 {[%emt 0:00:52]} 37. Rexe3 {[%emt 0:00:44]} fxe3 {[%emt 0:00:06]} 38. Nd4 {[%emt 0:04:40]} Bg6 {[%emt 0:00:39]} 39. a6 {[%emt 0:03:52]} Rd8 {[%emt 0:00:05]} 40. a7 {[%emt 0:03:18]} Be4 {[%emt 0:00:06]} 41. Rc4 {[%emt 0:40:48]} Kh7 {[%emt 0:25:54]} 42. Ne2 {[%emt 0:00:00]} Rd1+ {[%emt 0:03:01]} 43. Kh2 {[%emt 0:00:00]} Ba8 {[%emt 0:00:09]} 44. Rxc7 {[%emt 0:00:00]} Rd2 {[%emt 0:01:33]} 45. Rxf7+ {[%emt 0:00:00]} Kg6 {[%emt 0:00:26]} 46. Rf8 {[%emt 0:00:00]} Bb7 {[%emt 0:00:25]} 47. Rb8 {[%emt 0:00:00]} Be4 {[%emt 0:00:49]} 48. Re8 {[%emt 0:00:00]} Bb7 {[%emt 0:01:04]} 49. Rxe3 {[%emt 0:00:00]} Rb2 {[%emt 0:00:08]} 50. Re7 {[%emt 0:00:00]} Ba8 {[%emt 0:00:38]} 51. Re8 {[%emt 0:00:00]} Bb7 {[%emt 0:00:26]} 52. Nf4+ {[%emt 0:00:00]} Kg5 {[%emt 0:00:30]} 53. Rf8 {[%emt 0:00:00]} h4 {[%emt 0:00:24]} 54. a8=Q {[%emt 0:00:00]} Bxa8 {[%emt 0:00:18]} 55. Ne6+ {[%emt 0:00:00]} 1-0

[Event "23rd OIBM 2019"]
[Site "Gmund am Tegernsee"]
[Date "2019.10.30"]
[Round "5.12"]
[White "Kamsky, Gata"]
[Black "Kruckenhauser, Arthur"]
[Result "1-0"]
[WhiteElo "2685"]
[BlackElo "2245"]
[Annotator "TA"]
[PlyCount "63"]
[EventDate "2019.10.17"]
[EventType "swiss"]
[EventCountry "GER"]
[SourceTitle "playchess.com"]
[Source "ChessBase"]
[SourceQuality "1"]

{[%evp 9,63,0,0,0,-1,0,0,0,0,-4,0,-10,0,0,6,10,95,108,104,101,99,96,115,116,152,90,180,152,144,174,164,162,205,226,308,222,238,229,290,280,290,287,350,349,329,330,350,344,475,473,518,522,633,609,545,497]} 1. e4 c5 2. Nc3 Nc6 3. Bb5 Nd4 4. Nf3 a6 5. Bc4 b5 6. Bd5 {B23: Closed Sicilian: Lines without g3} Rb8 {White must now prevent ...e6.} 7. a3 $146 ({Predecessor:} 7. Nxd4 cxd4 8. Ne2 Nf6 9. Bb3 Nxe4 10. Nxd4 e6 11. c3 Bb7 12. O-O {0-1 (111) Dimitrov,R (2530)-Mamedov,R (2650) Konya 2019}) 7... e6 8. Ba2 {The position is equal.} Bb7 9. d3 Nxf3+ 10. Qxf3 Nf6 11. Qg3 d6 12. O-O Be7 (12... h5 $11) 13. Qxg7 $16 Rg8 14. Qh6 $36 {[%mdl 2048] White has strong initiative.} d5 15. f3 Rg6 16. Qh3 c4 {[#]} 17. Kh1 ({Better is} 17. e5 $1) 17... Qb6 (17... Qc7 $16) 18. Bf4 Rd8 19. e5 Nd7 20. Ne2 Nf8 21. d4 c3 22. Nxc3 Qxd4 {[#]} 23. Ne2 $1 {[%cal Re2d4]} Qb6 ({Not} 23... Qxb2 $2 24. Bb3 $18) 24. c3 Bc5 25. Rad1 Be3 26. Bb1 Rg8 27. Qh6 Bc5 28. Bg5 Rd7 29. Nd4 {White is clearly winning.} Bxd4 30. cxd4 Rc7 31. Bf6 Nd7 32. Bg7 {Accuracy: White = 96%, Black = 34%.} 1-0

[Event "23rd OIBM 2019"]
[Site "Gmund am Tegernsee"]
[Date "2019.10.30"]
[Round "5.13"]
[White "Weber, Ulrich"]
[Black "Engel, Luis"]
[Result "0-1"]
[WhiteElo "2360"]
[BlackElo "2507"]
[Annotator "TA"]
[PlyCount "56"]
[EventDate "2019.10.17"]
[EventType "swiss"]
[EventCountry "GER"]
[SourceTitle "playchess.com"]
[Source "ChessBase"]
[SourceQuality "1"]

{[%evp 15,74,-8,0,-32,-32,-31,-28,-16,-16,-29,-33,-33,0,0,0,0,9,-20,-9,-6,-10,-16,0,-18,23,16,21,27,50,-11,39,27,47,34,33,0,0,-18,-14,-26,-22,-19,0,-243,-243,-232,-247,-314,-312,-313,-292,-294,-294,-477,-493,-436,-470,-417,-407,-552,-556]} 1. Nf3 d5 2. g3 g6 3. Bg2 Bg7 4. O-O e5 5. d3 Ne7 6. e4 O-O 7. Nbd2 Nbc6 8. c3 a5 9. Qc2 {A07: Réti Opening: New York and Capablanca Systems} h6 10. Re1 (10. b3 Be6 11. a3 Qd7 12. Bb2 dxe4 13. dxe4 Nc8 14. Rfd1 Qe7 15. a4 Rd8 16. Nf1 Nb6 {0-1 (39) Lenic,L (2646)-Caruana,F (2807) Tbilisi 2017}) 10... a4 11. exd5 {Black has an edge.} Nxd5 12. Nc4 {[%cal Rc4e5]} Re8 $1 13. Bd2 Bf5 14. Nh4 $146 ({Predecessor:} 14. Rad1 Qd7 15. Bc1 Bh3 16. Bxh3 Qxh3 {1-0 (42) Hennings,A (2450)-Heinig,W (2300) Leipzig 1979}) 14... Be6 15. Nf3 $1 {[%cal Rf3e5]} f6 16. Rad1 Nde7 17. b4 axb3 18. axb3 g5 19. h4 Bf5 20. Bc1 Qd7 21. hxg5 hxg5 22. Nh2 (22. b4 $14) 22... Kf7 23. Ne3 Be6 24. Nf3 Nf5 25. Nd2 (25. d4 $5 exd4 26. Nxd4 Ncxd4 27. cxd4 Nxe3 28. Rxe3 $11) 25... Nxe3 26. Rxe3 Bh3 27. Bh1 Rh8 $36 {[%mdl 2048] Black has the initiative.} 28. Ne4 Bg4 {Played: Bh3-f1} 0-1

[Event "23rd OIBM 2019"]
[Site "Gmund am Tegernsee"]
[Date "2019.10.30"]
[Round "5.14"]
[White "Kueppers, Timo"]
[Black "Korneev, Oleg"]
[Result "0-1"]
[WhiteElo "2250"]
[BlackElo "2504"]
[Annotator "TA"]
[PlyCount "154"]
[EventDate "2019.10.17"]
[EventType "swiss"]
[EventCountry "GER"]
[SourceTitle "playchess.com"]
[Source "ChessBase"]
[SourceQuality "1"]

{[%evp 13,154,56,53,48,52,51,41,35,48,41,32,39,53,40,49,46,43,33,31,22,46,43,53,0,18,0,0,-59,-39,-45,0,-50,-52,-73,-31,-82,-27,-31,-28,-35,-27,-59,-60,-72,-69,-83,-88,-131,-129,-141,-133,-145,-48,-35,-38,-31,-39,-46,-45,-30,-36,-89,-77,-77,-77,-139,-139,-132,-139,-143,-147,-140,-138,-145,-108,-108,-108,-109,-113,-208,-23,-110,-3,-575,-574,-569,-562,-519,-449,-144,-23,-14,-28,-24,0,0,8,0,0,0,0,0,0,0,0,-67,-65,-65,-65,-445,-446,-406,-354,-623,-608,-925,-987,-941,-959,-954,-937,-866,-773,-640,-478,-29982,-29983,-29982,-29983,-29983,-29984,-29983,-29967,-29963,-29963,-5065,0,0,0,-29994,-29995,-29995,-29996]} 1. e4 c5 2. Nf3 e6 3. d4 cxd4 4. Nxd4 a6 5. Bd3 Bc5 6. Nb3 Be7 7. Qg4 g6 8. O-O {B42: Sicilian: Kan Variation: 5 Bd3} d6 9. Nc3 Nd7 10. a4 {White is slightly better.} b6 11. Qe2 Bb7 12. h3 Qc7 13. Bd2 h5 14. Rae1 $146 ({Predecessor:} 14. f4 Ngf6 15. Rae1 h4 16. Rf3 {0-1 (30) Kargin,A (2408)-Hansen,S (2568) Copenhagen 2005}) 14... h4 15. Nd4 Ngf6 16. Bg5 Qc5 17. Nf3 Ne5 18. Nxe5 dxe5 19. Qf3 Nh5 20. Bxe7 (20. Qg4 $11) 20... Kxe7 $15 21. Qg4 f6 22. Kh2 g5 23. Ne2 Bc6 (23... Rag8 $5 {[%cal Rf6f5]} 24. Kh1 Qc6 $15) 24. Ra1 (24. b3 $1 $15) 24... Be8 (24... Rag8 $1 $17 25. Bxa6 f5) 25. Qf3 $11 Ng7 26. b4 Qxb4 27. Qe3 Qc5 28. Qxc5+ bxc5 29. Rfb1 Bd7 30. Rb7 Ne8 31. Rb6 Nd6 32. Bxa6 Ra7 ({Not} 32... Nxe4 33. Bb7 $11) (32... Rhb8 $17 33. Rxb8 Rxb8) 33. Rd1 $15 Nxe4 34. f3 Ng3 $1 {aiming for ...Rha8.} 35. Nc3 Nf5 36. Nb5 $1 {[%cal Rb5a7]} Bxb5 37. axb5 (37. Bxb5 $15 Rc8 38. c3) 37... Rd7 $36 {[%mdl 2048] Black has strong initiative.} 38. Rxd7+ Kxd7 $17 {[%mdl 4096] Endgame KRB-KRN} 39. Rc6 (39. Kg1 $142) 39... Nd4 40. Rxc5 Kd6 41. Rc3 {and if b6 works, White does fine.} Rb8 42. Rd3 Kc5 43. Rc3+ Kd5 44. Rc7 Kd6 $1 {[%cal Rd6c7]} 45. Rf7 f5 ({Reject} 45... Nxc2 $6 46. Rxf6 Nd4 47. Rg6 $11) 46. c4 (46. Kg1 $17) 46... Nb3 $2 (46... e4 $1 $19 47. fxe4 fxe4) 47. Rg7 (47. Kg1 $11) 47... Nc5 (47... e4 $1 $17 {[%cal Re4e3] ...e3 is the strong threat.} 48. Kg1 e3) 48. Rxg5 $2 {[%mdl 8192]} (48. Kg1 $1 $11 {and White has nothing to worry.}) 48... e4 $19 49. Kg1 {[#]} e3 $1 50. Kf1 Ke5 51. Ke2 $2 ({Better is} 51. Rh5 $19 Nxa6 52. bxa6) 51... Kf4 (51... Kd4 $17 52. Rh5 f4 53. Rxh4 e5) 52. Rh5 $11 Nxa6 53. Rxh4+ {KRN-KR} Kg5 54. Rh7 Nc5 {Threatens to win with ...f4.} 55. Rc7 Nb3 56. Kxe3 e5 $1 57. g3 f4+ 58. gxf4+ exf4+ 59. Ke4 (59. Kd3 $11) 59... Nd2+ $15 60. Kd5 Nxf3 {And now ...Rd8+ would win.} 61. Rf7 $2 {[%mdl 8192]} ({White should play} 61. Rd7 $15) 61... Rd8+ $19 62. Ke6 Re8+ 63. Kd6 $2 {[#]} (63. Kd5 Ne5 64. h4+ Kg4 65. Rg7+ Kh3 66. Rg1) 63... Ne5 $1 {[%mdl 64] Double Attack} 64. h4+ {[#]} Kg4 $1 65. Rg7+ Kf5 66. c5 Rd8+ (66... f3 $2 67. Rg1 $19) 67. Kc7 Rd5 68. Kb6 f3 {White must now prevent ...f2.} 69. c6 (69. Rg1 $19 Kf4 70. c6 Nc4+ 71. Ka6) 69... f2 70. c7 {[#]} Rxb5+ $1 {[%mdl 576] Promotion} 71. Kxb5 f1=Q+ 72. Kb6 Qc4 73. Rg5+ {[#]} Ke6 $1 74. Rxe5+ Kxe5 $2 (74... Kd6 $19 75. c8=Q Qxc8) 75. Kb7 $11 Qb5+ 76. Ka8 $2 {[%mdl 8192]} (76. Ka7 $11) 76... Qc6+ 77. Kb8 Qb6+ {Accuracy: White = 48%, Black = 65%.} 0-1

[Event "23rd OIBM 2019"]
[Site "Gmund am Tegernsee"]
[Date "2019.10.30"]
[Round "5.15"]
[White "Krzyzanowski, Marcin"]
[Black "Rasch, Holger"]
[Result "1-0"]
[WhiteElo "2500"]
[BlackElo "2236"]
[Annotator "TA"]
[PlyCount "65"]
[EventDate "2019.10.17"]
[EventType "swiss"]
[EventCountry "GER"]
[SourceTitle "playchess.com"]
[Source "ChessBase"]
[SourceQuality "1"]

{[%evp 21,65,10,14,25,12,26,18,0,0,0,0,0,-6,0,-27,-34,-12,-8,10,5,12,10,63,62,66,0,0,0,0,0,42,81,61,35,294,132,403,392,643,624,892,882,29996,29997,29997,29998]} 1. d4 Nf6 2. c4 c5 3. d5 e6 4. Nc3 exd5 5. cxd5 d6 6. e4 g6 7. f4 Bg7 8. Bb5+ Nfd7 9. Nf3 O-O 10. O-O a6 11. Bd3 b5 $1 12. Qe1 {A67: Modern Benoni: Taimanov Variation} (12. a3 c4 13. Bc2 Nc5 14. f5 Nbd7 15. Bg5 Bf6 16. h4 Re8 17. Qd2 Bxg5 18. hxg5 Ne5 19. Nxe5 Rxe5 20. Qf4 {0-1 (63) Gareyev,T (2619)-Zherebukh,Y (2600) Greensboro 2016}) 12... Re8 13. Qg3 Nf6 14. e5 $146 {The position is equal.} ({Predecessor:} 14. f5 b4 15. Nd1 Nxe4 16. Bxe4 Rxe4 17. Ng5 Bxf5 18. Rxf5 gxf5 19. Nxe4 fxe4 {1-0 (35) Bruno,F (2422)-Alexakis,D (2224) Katerini 2014}) 14... dxe5 15. fxe5 Nxd5 16. Bg5 Qd7 {...Nxc3 is the strong threat.} 17. Be4 Nxc3 18. bxc3 Bb7 19. Rad1 Qc8 20. Bxb7 Qxb7 21. Bf6 Nd7 $1 {[%cal Rd7f6]} 22. Bxg7 $1 Kxg7 23. Ng5 (23. Qh3 $14 Nf8 24. Ng5) 23... Nxe5 $11 24. Qh3 $1 {[%cal Rh3h7]} h5 $1 {[#] Threatens to win with ...c4.} ({Don't play} 24... h6 $6 25. Nxf7 $1 {[%mdl 512]} Qxf7 26. Rxf7+ Nxf7 27. Qf3 $16) 25. Nxf7 $1 $40 {[%mdl 640] White attacks.} Qb8 ({Avoid the trap} 25... Nxf7 $2 26. Rd7 $1 $16 {[%mdl 512]}) 26. Nd6 {[%mdl 1024] White has compensation.} Re7 27. Qg3 {Hoping for Nf5+.} (27. Qe3 $5 {[%cal Rd1d5]}) 27... Kh7 $2 {[%mdl 8192]} ({Better is} 27... Re6 $1 $14) 28. Qg5 (28. Rfe1 $18 {has better winning chances.}) 28... Raa7 $2 {[%mdl 8192] [#]} (28... Re6 $16 {might work better.}) 29. Rf6 $1 $18 Rad7 $2 (29... Qg8 30. Nf5 Nf7 31. Nxe7 {[%mdl 64] Discovered Attack} Rxe7 32. Qxc5 Qe8) 30. Rd5 $1 {[%csl LRc5,LRe5][%mdl 64] Double Attack} Qd8 {And now ...Re6! would win.} 31. Rxe5 Rxe5 32. Qxg6+ Kh8 33. Qh6+ {Accuracy: White = 51%, Black = 38%.} 1-0

[Event "23rd OIBM 2019"]
[Site "Gmund am Tegernsee"]
[Date "2019.10.30"]
[Round "5.16"]
[White "Donchenko, Anatoly"]
[Black "Loiseau, Quentin"]
[Result "0-1"]
[WhiteElo "2229"]
[BlackElo "2471"]
[Annotator "ChessBase"]
[PlyCount "72"]
[EventDate "2019.10.17"]
[EventType "swiss"]
[EventCountry "GER"]
[SourceTitle "playchess.com"]
[Source "ChessBase"]
[SourceQuality "1"]
[TimeControl "40/5400+30:1800+30"]

1. c4 {[%emt 0:00:00]} c5 {[%emt 0:00:00]} 2. Nf3 {[%emt 0:00:08]} Nc6 {[%emt 0:00:03]} 3. d4 {[%emt 0:00:21]} cxd4 {[%emt 0:00:11]} 4. Nxd4 {[%emt 0:00:08]} Nf6 {[%emt 0:00:09]} 5. Nc3 {[%emt 0:00:38]} e6 {[%emt 0:00:08]} 6. a3 {[%emt 0:03:16]} Bc5 {[%emt 0:01:24]} 7. e3 {[%emt 0:04:50]} O-O {[%emt 0:01:24]} 8. Be2 {[%emt 0:03:38]} Bb6 {[%emt 0:08:41]} 9. O-O {[%emt 0:02:21]} d5 {[%emt 0:02:37]} 10. Nxc6 {[%emt 0:08:40]} bxc6 {[%emt 0:00:08]} 11. b4 {[%emt 0:00:07]} Bc7 {[%emt 0:02:39]} 12. Bb2 {[%emt 0:02:28]} Rb8 {[%emt 0:01:22]} 13. Qc2 {[%emt 0:04:29]} a5 {[%emt 0:03:05]} 14. Rfd1 {[%emt 0:02:22]} Qe7 {[%emt 0:05:41]} 15. g3 {[%emt 0:04:15]} dxc4 {[%emt 0:08:12]} 16. Ne4 {[%emt 0:02:56]} Nxe4 {[%emt 0:03:22]} 17. Qxe4 {[%emt 0:00:22]} c5 {[%emt 0:00:13]} 18. Qxc4 {[%emt 0:02:59]} axb4 {[%emt 0:02:50]} 19. axb4 {[%emt 0:00:26]} cxb4 {[%emt 0:02:33]} 20. Bd4 {[%emt 0:03:38]} Bd6 {[%emt 0:06:14]} 21. Bxg7 {[%emt 0:02:04]} Kxg7 {[%emt 0:00:18]} 22. Qd4+ {[%emt 0:00:02]} e5 {[%emt 0:00:07]} 23. Qxd6 {[%emt 0:00:09]} Qxd6 {[%emt 0:00:04]} 24. Rxd6 {[%emt 0:00:11]} b3 {[%emt 0:00:47]} 25. Rb1 {[%emt 0:02:14]} Be6 {[%emt 0:00:50]} 26. Rb2 {[%emt 0:02:08]} Rfd8 {[%emt 0:04:01]} 27. Ra6 {[%emt 0:08:54]} Rdc8 {[%emt 0:02:13]} 28. Bd3 {[%emt 0:02:39]} Rc3 {[%emt 0:04:52]} 29. Be4 {[%emt 0:02:24]} Bh3 {[%emt 0:02:10]} 30. f3 {[%emt 0:00:52]} Rc1+ {[%emt 0:02:38]} 31. Kf2 {[%emt 0:00:10]} Rh1 {[%emt 0:00:03]} 32. Rb1 {[%emt 0:00:26]} Rxh2+ {[%emt 0:00:08]} 33. Kg1 {[%emt 0:00:07]} Rg2+ {[%emt 0:00:29]} 34. Kh1 {[%emt 0:00:09]} Rd2 {[%emt 0:00:39]} 35. g4 {[%emt 0:00:25]} b2 {[%emt 0:00:37]} 36. Ra2 {[%emt 0:03:15]} Rb4 {[%emt 0:02:50]} 0-1